Religion Quiz

Random Religion or Canada Quiz

Religions in Canada Quiz Stats

 Plays Quiz Updated Sep 26, 2019

Support Sporcle.
Go Orange.
Score 0/25 Timer 07:00
2 Plays Today
Adherents Religion % Correct
12.8 millionRoman Catholic
97.7%
126,000Ukrainian Catholic
88.1%
579,000Islam
87.4%
330,000Judaism
81.8%
297,000Hinduism
74.5%
300,000Buddhism
74.1%
2 millionAnglican
65.6%
729,000Baptist Church
65.2%
606,000Lutheran Church
62.9%
76,000Christian Reformed Church
54.5%
215,000Greek Orthodox
53%
26,000Methodist
49.8%
102,000Church of Jesus Christ of Latter-day Saints
49.4%
Adherents Religion % Correct
278,000Sikhism
45.8%
33,000Ukrainian Orthodox
42.3%
409,000Presbyterian Church
41.8%
155,000Jehovah's Witnesses
30.7%
2.8 millionUnited Church
23.8%
369,000Pentecostal Church
22.7%
63,000Adventist
20.2%
67,000Evangelical Missionary Church
19%
21,000Pagan (including Wicca)
18.4%
191,000Mennonite
15%
30,000Aboriginal spirituality
12.7%
88,000Salvation Army
9.7%

From the Vault

Logos with Stripes

by t_rev19

This makes us think that bar codes would be more fun with a bit of color.
Remove Ads.
Support Sporcle.
Get the best of Sporcle when you Go Orange. This ad-free experience offers more features, more stats, and more fun while also helping to support Sporcle. Thank you for becoming a member.

Show Comments

Extras

Top Quizzes Today


Score Distribution

Your Account Isn't Verified!

In order to create a playlist on Sporcle, you need to verify the email address you used during registration. Go to your Sporcle Settings to finish the process.

Report this User

Report this user for behavior that violates our Community Guidelines.

Details: